[Event "Ste-Foy 3"]
[Site "Quebec CAN"]
[Date "2023.03.13"]
[Round "4"]
[White "Laflamme, Simon"]
[Black "Marois, Remi"]
[Result "1-0"]
[WhiteElo "1869"]
[BlackElo "1531"]
[PlyCount "63"]
[EventDate "2023.02.20"]
[EventType "swiss"]
[EventRounds "5"]
[EventCountry "CAN"]

1. d4 Nf6 2. c4 g6 3. Nc3 Bg7 4. e4 O-O 5. Nf3 d6 6. Be2 e5 7. d5 Nh5 8. g3 f5
9. exf5 Bxf5 10. Ng5 Nf6 11. Be3 Qe7 12. Qd2 Ng4 13. Bxg4 Bxg4 14. h3 Bf5 15.
Nge4 a5 16. O-O-O a4 17. g4 Bd7 18. Rdg1 a3 19. b3 c6 20. Bg5 Qf7 21. Rh2 cxd5
22. Nxd5 Qf3 23. Ndc3 Bc6 24. Rg3 Bxe4 25. Rxf3 Rxf3 26. Nxe4 Rxb3 27. Qd5+ Kh8
28. Nxd6 Nc6 29. Nf7+ Kg8 30. Nh6+ Kh8 31. Qg8+ Rxg8 32. Nf7# 1-0

[Event "Ste-Foy 3"]
[Site "Quebec CAN"]
[Date "2023.03.13"]
[Round "4"]
[White "Mercure, Gilbert"]
[Black "Laurendeau, Alfred"]
[Result "0-1"]
[WhiteElo "1840"]
[BlackElo "1482"]
[PlyCount "52"]
[EventDate "2023.02.20"]
[EventType "swiss"]
[EventRounds "5"]
[EventCountry "CAN"]

1. e4 c5 2. d4 cxd4 3. c3 dxc3 4. Nxc3 Nc6 5. Nf3 d6 6. Bc4 a6 7. O-O Nf6 8. e5
dxe5 9. Qxd8+ Nxd8 10. Nxe5 e6 11. f4 Bc5+ 12. Kh1 b5 13. Be2 Bb7 14. Bf3 O-O
15. Bxb7 Nxb7 16. g4 Rfd8 17. g5 Nd7 18. Ne4 Nxe5 19. Nxc5 Nxc5 20. fxe5 Nd3
21. Bf4 Nxb2 22. Rac1 Rac8 23. Rxc8 Rxc8 24. Bc1 Nd3 25. Ba3 b4 26. Rf3 Nxe5
0-1

[Event "Ste-Foy 3"]
[Site "Quebec CAN"]
[Date "2023.03.13"]
[Round "4"]
[White "Renzo, Alain"]
[Black "Marquis, Paul"]
[Result "0-1"]
[WhiteElo "1403"]
[BlackElo "1958"]
[PlyCount "74"]
[EventDate "2023.02.20"]
[EventType "swiss"]
[EventRounds "5"]
[EventCountry "CAN"]

1. e4 e6 2. d4 d5 3. exd5 exd5 4. Nf3 c5 5. Be3 Nc6 6. dxc5 Bg4 7. Bb5 Qa5+ 8.
Nc3 Nf6 9. Bxc6+ bxc6 10. Bd2 Qxc5 11. O-O Be7 12. h3 Bh5 13. Bg5 O-O 14. Qd4
Bxf3 15. Qxc5 Bxc5 16. Bxf6 Bh5 17. Bh4 Bg6 18. Rac1 Rab8 19. b3 Ba3 20. Rcd1
Bxc2 21. Rd2 Bg6 22. Ne2 Bb4 23. Rd4 Bc5 24. Rf4 Bd3 25. Rc1 Bd6 26. Ra4 Bxe2
27. Rxa7 Ra8 28. Rxa8 Rxa8 29. Rxc6 Bf4 30. g3 Be5 31. Kg2 f6 32. g4 Rxa2 33.
b4 d4 34. Bg3 Bxg3 35. Kxg3 d3 36. f4 d2 37. Rd6 d1=Q 0-1

[Event "Ste-Foy 3"]
[Site "Quebec CAN"]
[Date "2023.03.20"]
[Round "5"]
[White "Fleury, Dominic"]
[Black "Mercure, Gilbert"]
[Result "0-1"]
[WhiteElo "1369"]
[BlackElo "1840"]
[PlyCount "44"]
[EventDate "2023.02.20"]
[EventType "swiss"]
[EventRounds "5"]
[EventCountry "CAN"]

1. e4 d5 2. exd5 Nf6 3. Nc3 Nxd5 4. Bc4 Nb6 5. Bb3 c5 6. a3 c4 7. Ba2 Nc6 8.
Nf3 Bg4 9. b3 Nd4 10. d3 cxd3 11. Qxd3 Nxf3+ 12. gxf3 Qxd3 13. cxd3 Bxf3 14.
Rg1 e6 15. b4 Bd6 16. Rxg7 Be5 17. Bd2 Bxg7 18. Rc1 Rd8 19. Nb5 O-O 20. Bc4
Nxc4 21. dxc4 Rxd2 22. Kxd2 Bh6+ 0-1

[Event "Ste-Foy 3"]
[Site "Quebec CAN"]
[Date "2023.03.20"]
[Round "5"]
[White "Laflamme, Simon"]
[Black "Berube, Antoine"]
[Result "1/2-1/2"]
[WhiteElo "1869"]
[BlackElo "2162"]
[PlyCount "41"]
[EventDate "2023.02.20"]
[EventType "swiss"]
[EventRounds "5"]
[EventCountry "CAN"]

1. d4 d5 2. c4 e6 3. Nc3 c6 4. e4 dxe4 5. Nxe4 Bb4+ 6. Bd2 Qxd4 7. Bxb4 Qxe4+
8. Be2 Na6 9. Ba5 f6 10. Nf3 b6 11. Nd2 Qf4 12. Bh5+ g6 13. Bf3 Ne7 14. Bc3 O-O
15. Ne4 Nc5 16. g3 Qf5 17. g4 Qf4 18. Bd2 Qe5 19. Bc3 Qf4 20. Bd2 Qe5 21. Bc3
1/2-1/2

[Event "Ste-Foy 3"]
[Site "Quebec CAN"]
[Date "2023.03.20"]
[Round "5"]
[White "Laurendeau, Alfred"]
[Black "Marquis, Paul"]
[Result "1-0"]
[WhiteElo "1958"]
[BlackElo "1482"]
[PlyCount "57"]
[EventDate "2023.02.20"]
[EventType "swiss"]
[EventRounds "5"]
[EventCountry "CAN"]

1. e4 d5 2. exd5 Qxd5 3. Nc3 Qd8 4. d4 Nf6 5. Nf3 Bg4 6. h3 Bxf3 7. Qxf3 c6 8.
Be3 e6 9. Bc4 Nbd7 10. a4 Bb4 11. O-O Nd5 12. Ne4 N7f6 13. Nc5 Qc7 14. Nd3 Bd6
15. Ba2 Nb4 16. Nxb4 Bxb4 17. c4 Be7 18. Bd2 O-O 19. Rfc1 Qd7 20. Bc3 Rfd8 21.
Rd1 Qc7 22. Rac1 c5 23. dxc5 Bxc5 24. Bxf6 gxf6 25. Qxf6 Qe7 26. Qf3 a5 27. Bb1
Rxd1+ 28. Rxd1 b6 29. Qxa8+ 1-0

[Event "Ste-Foy 3"]
[Site "Quebec CAN"]
[Date "2023.03.20"]
[Round "5"]
[White "Lescarbeau, Martin"]
[Black "Ben Afia, Achraf"]
[Result "1-0"]
[WhiteElo "1846"]
[BlackElo "1360"]
[PlyCount "47"]
[EventDate "2023.02.20"]
[EventType "swiss"]
[EventRounds "5"]
[EventCountry "CAN"]

1. d4 d5 2. e4 dxe4 3. Nc3 Nf6 4. Bg5 Nc6 5. d5 Ne5 6. Qd4 Ng6 7. O-O-O h6 8.
Bxf6 exf6 9. Nxe4 Be7 10. Bb5+ Bd7 11. Bxd7+ Qxd7 12. d6 cxd6 13. Nxd6+ Bxd6
14. Qxd6 Rd8 15. Qxd7+ Rxd7 16. Nf3 Rxd1+ 17. Rxd1 Ke7 18. Nd4 Rg8 19. g3 Ne5
20. f4 Ng4 21. Re1+ Kd7 22. Nf5 Nxh2 23. Re7+ Kc6 24. Rxf7 1-0

[Event "Ste-Foy 3"]
[Site "Quebec CAN"]
[Date "2023.03.20"]
[Round "5"]
[White "Marois, Remi"]
[Black "Couture, Francois"]
[Result "1-0"]
[WhiteElo "1531"]
[BlackElo "1222"]
[PlyCount "73"]
[EventDate "2023.02.20"]
[EventType "swiss"]
[EventRounds "5"]
[EventCountry "CAN"]

1. e4 c5 2. Nf3 e6 3. d3 Nc6 4. Nbd2 d6 5. g3 Nf6 6. Bg2 Be7 7. O-O O-O 8. Re1
e5 9. c3 Be6 10. Ng5 Bg4 11. f3 Bh5 12. h4 h6 13. Nh3 Qb6 14. Nc4 Qd8 15. Ne3
d5 16. g4 Bg6 17. g5 hxg5 18. hxg5 Nh5 19. Nxd5 f5 20. gxf6 Bxf6 21. Nxf6+ Nxf6
22. Bg5 Qd7 23. Nf2 Bh5 24. Bh3 Qe8 25. Bxf6 Rxf6 26. Ng4 Qg6 27. Kh2 Rf4 28.
Rg1 Qg5 29. Qb3+ Kh7 30. Rg3 Raf8 31. Rf1 Qh4 32. Kg2 b6 33. Qe6 Bxg4 34. Bxg4
R8f6 35. Qd7 Nb8 36. Bf5+ R6xf5 37. Qxg7# 1-0

[Event "Ste-Foy 3"]
[Site "Quebec CAN"]
[Date "2023.03.20"]
[Round "5"]
[White "Potvin, Alain-Nicolas"]
[Black "Renzo, Alain"]
[Result "1-0"]
[WhiteElo "1711"]
[BlackElo "1367"]
[PlyCount "93"]
[EventDate "2023.02.20"]
[EventType "swiss"]
[EventRounds "5"]
[EventCountry "CAN"]

1. Nf3 d5 2. e4 dxe4 3. Ng5 Nf6 4. Nc3 Bf5 5. Bc4 e6 6. f3 exf3 7. Qxf3 c6 8.
Nxf7 Bg4 9. Qxg4 Nxg4 10. Nxd8 Kxd8 11. Bxe6 Nf6 12. d4 Bd6 13. O-O Kc7 14. Bg5
Be7 15. Rae1 h6 16. Bh4 Nbd7 17. Ne4 Nd5 18. Bg3+ Kd8 19. Bxd5 cxd5 20. Nd6
Bxd6 21. Bxd6 Re8 22. Rxe8+ Kxe8 23. Re1+ Kd8 24. Re7 b5 25. Rxg7 Kc8 26. Rh7
Nb6 27. Bf4 Nc4 28. Rh8+ Kb7 29. Rxa8 Kxa8 30. Bc1 h5 31. Kf2 Nd6 32. Kf3 Kb7
33. h3 Kc6 34. g4 hxg4+ 35. Kxg4 Ne4 36. h4 Kd6 37. h5 Ke6 38. h6 Kf7 39. Kf5
Nf6 40. Bg5 Nh7 41. Bf4 Nf8 42. Be5 Nh7 43. Bg7 a6 44. b4 Kg8 45. Kg6 Ng5 46.
Kxg5 Kh7 47. Kf6 1-0

[Event "Ste-Foy 3 2023-24"]
[Site "Ste-Foy CAN"]
[Date "2023.11.23"]
[Round "1"]
[White "Bergeron, Nicolas"]
[Black "Soucy, Mathieu"]
[Result "1-0"]
[WhiteElo "1493"]
[BlackElo "1203"]
[PlyCount "67"]
[EventDate "2023.11.23"]
[EventType "team"]
[EventRounds "3"]
[EventCountry "CAN"]

1. d4 Nf6 2. c4 e5 3. dxe5 Ng4 4. Nf3 Bc5 5. e3 Nc6 6. Nc3 Ngxe5 7. Nxe5 Nxe5
8. Qd5 Qe7 9. a3 a5 10. Na4 Ra6 11. Qxc5 d6 12. Qd4 O-O 13. Be2 c5 14. Qd1 Rd8
15. Nc3 d5 16. cxd5 c4 17. b3 Nd3+ 18. Bxd3 cxd3 19. Qxd3 Qh4 20. e4 Rf6 21.
Qg3 Qh5 22. Bg5 Rg6 23. Qc7 Qxg5 24. g3 Bh3 25. f4 Rd7 26. Qxd7 Bxd7 27. fxg5
Rxg5 28. Ke2 b5 29. a4 b4 30. Nb5 Re5 31. Kd3 f5 32. Rhe1 fxe4+ 33. Kd4 Re8 34.
Rxe4 1-0

[Event "Ste-Foy 3 2023-24"]
[Site "Ste-Foy CAN"]
[Date "2023.11.23"]
[Round "1"]
[White "Blais, Pierre-Luc"]
[Black "Potvin, Alain-Nicolas"]
[Result "1/2-1/2"]
[WhiteElo "1337"]
[BlackElo "1702"]
[PlyCount "62"]
[EventDate "2023.11.23"]
[EventType "team"]
[EventRounds "3"]
[EventCountry "CAN"]

1. d4 g6 2. Nf3 Bg7 3. c4 Nf6 4. Nc3 d6 5. h3 O-O 6. Bg5 Nbd7 7. e3 c5 8. Be2
Qb6 9. Qc2 Re8 10. O-O Nf8 11. Rad1 Qa5 12. dxc5 Qxc5 13. Bxf6 Bxf6 14. Ne4 Bf5
15. Nxf6+ exf6 16. Bd3 Be6 17. Nd2 d5 18. Nb3 Qc8 19. cxd5 Bxd5 20. Qxc8 Raxc8
21. Nc1 Bc4 22. Rfe1 Re7 23. b3 Bxd3 24. Nxd3 Rc2 25. Nb4 Rb2 26. Kf1 Rd7 27.
Rxd7 Nxd7 28. Re2 Rb1+ 29. Re1 Rb2 30. Re2 Rb1+ 31. Re1 Rb2 1/2-1/2

[Event "Ste-Foy 3 2023-24"]
[Site "Ste-Foy CAN"]
[Date "2023.12.04"]
[Round "2"]
[White "Barrera, Eduardo"]
[Black "Bergeron, Nicolas"]
[Result "1-0"]
[WhiteElo "1254"]
[BlackElo "1493"]
[PlyCount "45"]
[EventDate "2023.11.23"]
[EventType "team"]
[EventRounds "3"]
[EventCountry "CAN"]
[WhiteTeam "Ã‰quipe D"]
[BlackTeam "Ã‰quipe B"]

1. e4 e5 2. Nf3 Nc6 3. Bc4 Nf6 4. d4 exd4 5. O-O Nxe4 6. Re1 d5 7. Bxd5 Qxd5 8.
Nc3 Qh5 9. Nxe4 Be6 10. Bg5 h6 11. Bf6 Qa5 12. Bxd4 O-O-O 13. c3 Nxd4 14. cxd4
Bb4 15. Re3 Rhe8 16. a3 Bf8 17. b4 Qb6 18. h3 g5 19. Nc5 Bd5 20. Ne5 Bg7 21.
Ned7 Qg6 22. Qa4 a6 23. Rxe8 1-0

[Event "Ste-Foy 3 2023-24"]
[Site "Ste-Foy CAN"]
[Date "2023.12.04"]
[Round "2"]
[White "Potvin, Alain-Nicolas"]
[Black "Poitras, Marc"]
[Result "1-0"]
[WhiteElo "1702"]
[BlackElo "1350"]
[PlyCount "71"]
[EventDate "2023.11.23"]
[EventType "team"]
[EventRounds "3"]
[EventCountry "CAN"]

1. d4 d6 2. Bf4 Nf6 3. e3 g6 4. Nf3 Bg7 5. Be2 O-O 6. O-O Nc6 7. h3 Bf5 8. c4
Nb4 9. Nc3 Re8 10. a3 Nc6 11. Bh2 e5 12. Re1 Ne4 13. Rc1 d5 14. Nxd5 exd4 15.
Nxc7 Nxf2 16. Kxf2 dxe3+ 17. Kg1 Bxb2 18. Qxd8 Raxd8 19. Rcd1 Rxd1 20. Rxd1
Bxa3 21. Nxe8 a5 22. Nd6 Bc2 23. Ra1 Bb4 24. Nxb7 a4 25. Bd1 Bc3 26. Rc1 Nd4
27. Nxd4 Bxd4 28. Kf1 Bb3 29. Bxb3 axb3 30. Rb1 b2 31. c5 Kf8 32. c6 Ke8 33.
Nd6+ Ke7 34. Nc4 f5 35. Ke2 f4 36. Bxf4 1-0

[Event "Ste-Foy 3 2023-24"]
[Site "Ste-Foy CAN"]
[Date "2023.12.11"]
[Round "3"]
[White "Marois, Remi"]
[Black "Bergeron, Nicolas"]
[Result "0-1"]
[WhiteElo "1555"]
[BlackElo "1493"]
[PlyCount "124"]
[EventDate "2023.11.23"]
[EventType "team"]
[EventRounds "3"]
[EventCountry "CAN"]

1. e4 e5 2. f4 exf4 3. Nf3 d5 4. exd5 Nf6 5. Bb5+ Bd7 6. Qe2+ Be7 7. Bc4 O-O 8.
O-O Re8 9. d4 Bg4 10. Qd3 Nxd5 11. Ne5 Be6 12. Bxd5 Qxd5 13. c4 Qd6 14. Bxf4
Qb6 15. b3 Rd8 16. Be3 Qd6 17. Qe4 Bf6 18. Qxb7 Bxe5 19. dxe5 Qxe5 20. Qxa8
Qxa1 21. Qxa7 Qe5 22. Bf4 Nc6 23. Bxe5 Nxa7 24. Bxc7 Rd7 25. Bb6 Nc8 26. c5
Nxb6 27. cxb6 g6 28. Nc3 Rb7 29. Na4 Rb8 30. Rd1 Kf8 31. Rd6 Ke7 32. Rc6 Bd7
33. Rc7 Kd6 34. Ra7 Bxa4 35. Rxa4 Rxb6 36. Ra7 Ke6 37. Kf2 h5 38. Ke3 f6 39.
Rc7 Ke5 40. Rc5+ Kd6 41. Rc4 Kd5 42. Kd3 Ra6 43. a4 g5 44. Rd4+ Ke5 45. Rb4 Rc6
46. Rb5+ Kf4 47. a5 Rd6+ 48. Ke2 Re6+ 49. Kf2 Rc6 50. Rb4+ Kf5 51. Rc4 Rd6 52.
b4 Rd2+ 53. Kf3 g4+ 54. Kg3 Kg5 55. h4+ Kf5 56. Rc5+ Kg6 57. b5 Rd3+ 58. Kh2 f5
59. b6 f4 60. b7 g3+ 61. Kh3 Rd1 62. Rg5+ Kh6 0-1

[Event "Ste-Foy 3 2023-24"]
[Site "Ste-Foy CAN"]
[Date "2023.12.11"]
[Round "3"]
[White "Verge, Leo"]
[Black "Potvin, Alain-Nicolas"]
[Result "0-1"]
[WhiteElo "1480"]
[BlackElo "1702"]
[PlyCount "102"]
[EventDate "2023.11.23"]
[EventType "team"]
[EventRounds "3"]
[EventCountry "CAN"]

1. e4 d6 2. d4 Nf6 3. Bd3 g6 4. f4 Bg7 5. Nf3 c5 6. dxc5 Qa5+ 7. Bd2 Qxc5 8.
Nc3 O-O 9. Qe2 Nc6 10. h3 Nh5 11. Qf2 Nd4 12. g4 Nxf3+ 13. Qxf3 Nf6 14. Qe3 Qc6
15. g5 Nd7 16. Bb5 Qc5 17. Qxc5 Nxc5 18. Bd3 Be6 19. h4 Rac8 20. Kf2 Bc4 21.
Ke3 Bxd3 22. cxd3 Ne6 23. h5 Nd4 24. Rac1 e6 25. hxg6 fxg6 26. Rh4 Rf7 27. Rch1
Bh8 28. Nd1 d5 29. Bc3 Nc2+ 30. Kd2 Nd4 31. R1h3 dxe4 32. dxe4 Rd7 33. Bxd4
Bxd4 34. Rd3 Rcd8 35. Rhh3 e5 36. fxe5 Bxe5 37. Rxd7 Rxd7+ 38. Kc2 Bf4 39. Nc3
Bxg5 40. Nd5 Kg7 41. Rf3 h5 42. Kc3 Be7 43. Kc4 Bd6 44. Nf6 Re7 45. Kd3 Be5 46.
Nd5 Rf7 47. Rxf7+ Kxf7 48. b3 Ke6 49. Ke3 h4 50. Nf4+ Bxf4+ 51. Kxf4 h3 0-1

[Event "Ste-Foy 4"]
[Site "Quebec CAN"]
[Date "2023.03.27"]
[Round "1"]
[White "Belanger, Mathieu-Olivier"]
[Black "Couture, Francois"]
[Result "1-0"]
[WhiteElo "1993"]
[BlackElo "1253"]
[PlyCount "41"]
[EventDate "2023.03.27"]
[EventType "swiss"]
[EventRounds "5"]
[EventCountry "CAN"]

1. e4 c5 2. Nf3 e6 3. c3 Nc6 4. d4 cxd4 5. cxd4 d6 6. Bd3 Nf6 7. O-O Qc7 8. Nc3
a6 9. Re1 e5 10. d5 Nd4 11. Nxd4 exd4 12. Qa4+ Bd7 13. Qxd4 Ng4 14. Be2 O-O-O
15. Bg5 f6 16. Rac1 Kb8 17. Nb5 Bxb5 18. Rxc7 Kxc7 19. Rc1+ Kb8 20. Qb6 Be7 21.
Rc7 1-0

[Event "Ste-Foy 4"]
[Site "Quebec CAN"]
[Date "2023.03.27"]
[Round "1"]
[White "De Coster, Vincent"]
[Black "Fleury, Dominic"]
[Result "0-1"]
[WhiteElo "1020"]
[BlackElo "1400"]
[PlyCount "64"]
[EventDate "2023.03.27"]
[EventType "swiss"]
[EventRounds "5"]
[EventCountry "CAN"]

1. d4 d5 2. Bf4 Nf6 3. e3 Bf5 4. Nf3 e6 5. c3 Be7 6. Bd3 Bxd3 7. Qxd3 O-O 8.
Nbd2 c5 9. e4 c4 10. Qe2 h6 11. e5 Nh7 12. O-O Nd7 13. b3 b5 14. a4 a6 15. b4
Re8 16. Nb1 Ndf8 17. g3 Ng6 18. Qd2 Nxf4 19. Qxf4 Bg5 20. Qg4 f5 21. Qh5 Rf8
22. h4 Be7 23. axb5 axb5 24. Rxa8 Qxa8 25. g4 fxg4 26. Qxg4 Rf5 27. h5 Qf8 28.
Nh4 Rg5 29. Ng6 Rxg4+ 30. Kh2 Rxg6 31. hxg6 Qf4+ 32. Kg2 Ng5 0-1

[Event "Ste-Foy 4"]
[Site "Quebec CAN"]
[Date "2023.03.27"]
[Round "1"]
[White "Gonthier, Madeleine"]
[Black "Mercure, Gilbert"]
[Result "0-1"]
[WhiteElo "1208"]
[BlackElo "1775"]
[PlyCount "92"]
[EventDate "2023.03.27"]
[EventType "swiss"]
[EventRounds "5"]
[EventCountry "CAN"]

1. e4 d5 2. exd5 Nf6 3. Bc4 Nxd5 4. Bxd5 Qxd5 5. Nc3 Qxg2 6. Qf3 Qxf3 7. Nxf3
c6 8. d4 Bf5 9. Kd1 Bg4 10. Ke2 e6 11. Rg1 Bxf3+ 12. Kxf3 g6 13. Ne4 Be7 14.
Bg5 Nd7 15. Bxe7 Kxe7 16. c3 Rac8 17. Nc5 Nxc5 18. dxc5 Rhd8 19. Ke3 Rd5 20. b4
Rcd8 21. Rad1 Rxd1 22. Rxd1 Rxd1 23. a4 e5 24. f4 exf4+ 25. Kxf4 f6 26. Kf3 Ke6
27. Ke2 Rh1 28. Kd3 Rxh2 29. Kc4 Rh4+ 30. Kb3 Kd5 31. Ka3 Kc4 32. Kb2 Rh1 33.
a5 a6 34. Kc2 Rh2+ 35. Kb1 Kb3 36. Kc1 Kxc3 37. Kd1 Kxb4 38. Ke1 Kxa5 39. Kf1
Kb4 40. Kg1 Rb2 41. Kf1 a5 42. Ke1 a4 43. Kd1 Kb3 44. Kc1 a3 45. Kd1 a2 46. Ke1
a1=R# 0-1

[Event "Ste-Foy 4"]
[Site "Quebec CAN"]
[Date "2023.03.27"]
[Round "1"]
[White "Lafontaine, Philippe"]
[Black "Marois, Remi"]
[Result "0-1"]
[WhiteElo "1116"]
[BlackElo "1539"]
[PlyCount "64"]
[EventDate "2023.03.27"]
[EventType "swiss"]
[EventRounds "5"]
[EventCountry "CAN"]

1. d4 Nf6 2. c4 e6 3. Nc3 Bb4 4. Qc2 O-O 5. e3 c5 6. Nf3 d5 7. Bd2 b6 8. Be2
dxc4 9. Bxc4 Bb7 10. Be2 Nbd7 11. O-O Bxc3 12. bxc3 Rc8 13. Qb2 Ne4 14. Rac1 c4
15. Rfd1 Qf6 16. Qb5 Bc6 17. Qxc4 Nxd2 18. Rxd2 Bxf3 19. Qb5 Bxe2 20. Qxd7 Bc4
21. Qxa7 b5 22. Qb7 Qg6 23. Qf3 Bd5 24. Qh3 Rxc3 25. Ra1 Rfc8 26. Rdd1 Ra3 27.
Rac1 Rac3 28. Ra1 Qc2 29. Qg4 Qe4 30. Qxe4 Bxe4 31. a4 bxa4 32. Rxa4 Bc2 0-1

[Event "Ste-Foy 4"]
[Site "Quebec CAN"]
[Date "2023.03.27"]
[Round "1"]
[White "Laurendeau, Alfred"]
[Black "Soucy, Mathieu"]
[Result "1-0"]
[WhiteElo "1536"]
[BlackElo "1054"]
[PlyCount "63"]
[EventDate "2023.03.27"]
[EventType "swiss"]
[EventRounds "5"]
[EventCountry "CAN"]

1. d4 Nf6 2. c4 g6 3. Nf3 Bg7 4. Nc3 O-O 5. Bf4 d6 6. e3 c5 7. Be2 Nc6 8. h3
cxd4 9. exd4 Bf5 10. O-O e5 11. dxe5 dxe5 12. Nxe5 Nxe5 13. Bxe5 Re8 14. Bh2
Ne4 15. Na4 Qa5 16. Re1 Rad8 17. Qb3 Rd2 18. Bf4 Rd4 19. Bf3 Nd2 20. Rxe8+ Bf8
21. Bh6 Rd8 22. Rxd8 Qxd8 23. Bxd2 Qxd2 24. Rd1 Qc2 25. Qxc2 Bxc2 26. Nc3 Bxd1
27. Bxd1 a6 28. Nd5 Bc5 29. Kf1 b5 30. cxb5 axb5 31. a3 f6 32. Nxf6+ 1-0

[Event "Ste-Foy 4"]
[Site "Quebec CAN"]
[Date "2023.03.27"]
[Round "1"]
[White "Lescarbeau, Martin"]
[Black "Leonard, Thomas"]
[Result "0-1"]
[WhiteElo "1850"]
[BlackElo "1212"]
[PlyCount "62"]
[EventDate "2023.03.27"]
[EventType "swiss"]
[EventRounds "5"]
[EventCountry "CAN"]

1. e4 e5 2. Nf3 Nc6 3. Nc3 Bc5 4. Nxe5 Nxe5 5. d4 Bd6 6. dxe5 Bxe5 7. f4 Bxc3+
8. bxc3 d6 9. Bd3 Nf6 10. O-O Bg4 11. Qe1 O-O 12. h3 Bd7 13. Qh4 h6 14. g4 Nh7
15. g5 hxg5 16. fxg5 g6 17. c4 c5 18. Qh6 Qb6 19. Bd2 Qb2 20. Rab1 Qd4+ 21. Kh2
b6 22. Rb3 Qg7 23. Qh4 f6 24. gxf6 Rxf6 25. Bc3 Raf8 26. Bxf6 Nxf6 27. Qg3 Qh6
28. e5 Ng4+ 29. Kh1 Rxf1+ 30. Bxf1 Bc6+ 31. Bg2 Qc1+ 0-1

[Event "Ste-Foy 4"]
[Site "Quebec CAN"]
[Date "2023.03.27"]
[Round "1"]
[White "Pepin, Pierre-Luc"]
[Black "Laflamme, Simon"]
[Result "0-1"]
[WhiteElo "1251"]
[BlackElo "1902"]
[PlyCount "60"]
[EventDate "2023.03.27"]
[EventType "swiss"]
[EventRounds "5"]
[EventCountry "CAN"]

1. e4 e5 2. Nf3 Nf6 3. Nc3 Nc6 4. d4 exd4 5. Nxd4 Nxe4 6. Nxc6 Nxc3 7. bxc3
bxc6 8. Bc4 d5 9. Bd3 Qf6 10. Bb2 Rb8 11. Qc1 Bc5 12. O-O O-O 13. Rb1 Qh4 14.
Qd2 Re8 15. Rfe1 Be6 16. a3 Bd6 17. g3 Qf6 18. c4 Rxb2 19. Ra1 Rbb8 20. cxd5
cxd5 21. Qc1 Bc5 22. Qd2 Bd4 23. Rab1 Bc3 24. Qc1 Rxb1 25. Qxb1 Bxe1 26. Qxe1
Bd7 27. Qa5 Bh3 28. Bf1 Bxf1 29. Kxf1 Qf3 30. Qb5 Qh1# 0-1

[Event "Ste-Foy 4"]
[Site "Quebec CAN"]
[Date "2023.03.27"]
[Round "1"]
[White "Picard, Christian"]
[Black "Bergeron, Nicolas"]
[Result "1-0"]
[WhiteElo "1627"]
[BlackElo "1190"]
[PlyCount "55"]
[EventDate "2023.03.27"]
[EventType "swiss"]
[EventRounds "5"]
[EventCountry "CAN"]

1. d4 Nf6 2. Nf3 g6 3. Nc3 d5 4. Bf4 Bg7 5. e3 O-O 6. Be2 b6 7. Ne5 Nfd7 8. h4
Nxe5 9. Bxe5 Nc6 10. Bxg7 Kxg7 11. g4 e6 12. Qd2 a6 13. O-O-O b5 14. f4 b4 15.
Na4 a5 16. b3 Nb8 17. h5 g5 18. fxg5 Qxg5 19. h6+ Kh8 20. Rh5 Qg6 21. e4 dxe4
22. Rg5 Qf6 23. Rf1 Qe7 24. Qf4 Nd7 25. Rg7 Bb7 26. Qxc7 Bd5 27. Nc5 Rad8 28.
Bb5 1-0

[Event "Ste-Foy 4"]
[Site "Quebec CAN"]
[Date "2023.03.27"]
[Round "1"]
[White "Pilon, Emile"]
[Black "Berube, Antoine"]
[Result "0-1"]
[WhiteElo "1316"]
[BlackElo "2175"]
[PlyCount "32"]
[EventDate "2023.03.27"]
[EventType "swiss"]
[EventRounds "5"]
[EventCountry "CAN"]

1. e4 c5 2. d4 cxd4 3. Qxd4 Nc6 4. Qd1 Nf6 5. Bd3 d5 6. exd5 Qxd5 7. Nc3 Qxg2
8. Nb5 Bd7 9. Nc7+ Kd8 10. Nxa8 Qxh1 11. Ke2 Bg4+ 12. f3 Qg2+ 13. Ke3 Nd5+ 14.
Ke4 e6 15. Bg5+ Kd7 16. Bb5 Bf5# 0-1

[Event "Ste-Foy 4"]
[Site "Quebec CAN"]
[Date "2023.03.27"]
[Round "1"]
[White "Warren, Alexandre"]
[Black "Giguere, Marc"]
[Result "1-0"]
[WhiteElo "1365"]
[BlackElo "950"]
[PlyCount "59"]
[EventDate "2023.03.27"]
[EventType "swiss"]
[EventRounds "5"]
[EventCountry "CAN"]

1. d4 d5 2. Nf3 Nf6 3. Bf4 e6 4. e3 Nc6 5. c3 Be7 6. Bd3 O-O 7. Nbd2 Bd6 8. Bg3
Ng4 9. Bxd6 Qxd6 10. Bxh7+ Kxh7 11. Ng5+ Kg8 12. Qxg4 e5 13. Qh5 Qh6 14. Qxh6
gxh6 15. Ngf3 exd4 16. cxd4 Nb4 17. O-O Bf5 18. Ne1 Bc2 19. a3 Nd3 20. Nxc2 c5
21. dxc5 Nxc5 22. Nd4 Rac8 23. b4 Na4 24. Rfc1 Nb2 25. Nf5 Rxc1+ 26. Rxc1 Kh7
27. Rc7 Kg6 28. Ne7+ Kg5 29. Nf3+ Kf6 30. Nxd5+ 1-0

[Event "Ste-Foy 4"]
[Site "Quebec CAN"]
[Date "2023.04.03"]
[Round "2"]
[White "Ben Afia, Achraf"]
[Black "Lescarbeau, Martin"]
[Result "0-1"]
[WhiteElo "1402"]
[BlackElo "1850"]
[PlyCount "54"]
[EventDate "2023.03.27"]
[EventType "swiss"]
[EventRounds "5"]
[EventCountry "CAN"]

1. d4 d5 2. Bf4 c5 3. dxc5 Nc6 4. Nf3 f6 5. e3 e5 6. Bg3 Bxc5 7. Be2 Nge7 8. h3
Be6 9. O-O O-O 10. Nbd2 e4 11. Ne1 f5 12. Nb3 Bb6 13. c3 g5 14. Nd4 Nxd4 15.
cxd4 f4 16. exf4 gxf4 17. Bh4 Qd6 18. Bxe7 Qxe7 19. f3 Qg7 20. Kh1 Bxd4 21. Rb1
Be5 22. Nc2 Rf6 23. Qe1 Rh6 24. h4 Bf6 25. h5 Rxh5+ 26. Kg1 Qh6 27. g3 Rh1+ 0-1

[Event "Ste-Foy 4"]
[Site "Quebec CAN"]
[Date "2023.04.03"]
[Round "2"]
[White "Berube, Antoine"]
[Black "Marois, Remi"]
[Result "1-0"]
[WhiteElo "2175"]
[BlackElo "1539"]
[PlyCount "43"]
[EventDate "2023.03.27"]
[EventType "swiss"]
[EventRounds "5"]
[EventCountry "CAN"]

1. e4 c5 2. Nf3 d6 3. d4 cxd4 4. Nxd4 Nf6 5. Nc3 a6 6. h3 e6 7. g4 b5 8. Bg2
Bb7 9. O-O Be7 10. Re1 O-O 11. e5 Nd5 12. Nxd5 Bxd5 13. Bxd5 exd5 14. e6 Bh4
15. Be3 Qf6 16. e7 Qxe7 17. Nf5 Qd8 18. Qxd5 Nd7 19. Qxd6 Bf6 20. Bd4 Rc8 21.
Rad1 Bxd4 22. Qxd4 1-0

[Event "Ste-Foy 4"]
[Site "Quebec CAN"]
[Date "2023.04.03"]
[Round "2"]
[White "Couture, François"]
[Black "De Coster, Vincent"]
[Result "1-0"]
[WhiteElo "1253"]
[BlackElo "1020"]
[PlyCount "81"]
[EventDate "2023.03.27"]
[EventType "swiss"]
[EventRounds "5"]
[EventCountry "CAN"]

1. d4 d5 2. c4 e6 3. Nc3 Nf6 4. Bg5 Be7 5. e3 b6 6. Bxf6 Bxf6 7. cxd5 exd5 8.
Nf3 c5 9. Be2 Nc6 10. O-O O-O 11. Re1 c4 12. Rb1 a5 13. b3 Bf5 14. Rb2 Rb8 15.
bxc4 Be6 16. Qa4 Qd7 17. cxd5 Bxd5 18. e4 Be6 19. Rd1 Rfd8 20. Rbd2 Bg4 21. e5
Bxf3 22. Bxf3 Bg5 23. Bxc6 b5 24. Bxb5 Qc8 25. Rd3 Qf5 26. Rf3 Qg6 27. Bd3 Qb6
28. Qc4 Rb7 29. Be4 Rc7 30. Nd5 Rxc4 31. Nxb6 Rcxd4 32. Rfd3 Rxd3 33. Rxd3 Re8
34. Nc4 Rc8 35. Bd5 Rb8 36. g3 h6 37. Rf3 Rb1+ 38. Kg2 Ra1 39. Bxf7+ Kh7 40.
Nxa5 Rxa2 41. Bxa2 1-0

[Event "Ste-Foy 4"]
[Site "Quebec CAN"]
[Date "2023.04.03"]
[Round "2"]
[White "Fleury, Dominic"]
[Black "Belanger, Mathieu-Olivier"]
[Result "0-1"]
[WhiteElo "1400"]
[BlackElo "1993"]
[PlyCount "54"]
[EventDate "2023.03.27"]
[EventType "swiss"]
[EventRounds "5"]
[EventCountry "CAN"]

1. e4 e5 2. Nf3 Nc6 3. Bc4 Be7 4. d3 Nf6 5. h3 d6 6. O-O Na5 7. Nbd2 O-O 8. b4
Nxc4 9. Nxc4 Ne8 10. Bb2 f5 11. Qe2 Nf6 12. d4 fxe4 13. Ng5 Ne8 14. Nxe4 d5 15.
Nxe5 dxe4 16. Qc4+ Kh8 17. Nf7+ Rxf7 18. Qxf7 Bxb4 19. Rfe1 Nd6 20. Qf4 Bxe1
21. Rxe1 Qf6 22. Qg3 Bd7 23. Rb1 Qg6 24. Qf4 Bxh3 25. g3 Bg4 26. d5 Bf3 27. Be5
Qh5 0-1